[Event "40 Nezhmetdinov Memorial"]
[Site "Kazan"]
[Date "2018.09.16"]
[Round "4.16"]
[White "Usmanov, Vasily"]
[Black "Khazieva, Elza"]
[Result "1-0"]
[WhiteElo "2470"]
[BlackElo "2083"]
[PlyCount "57"]
[EventDate "2018.09.13"]

1. d4 Nf6 2. c4 e6 3. g3 Bb4+ 4. Nd2 O-O 5. Bg2 d5 6. Ngf3 Nbd7 7. O-O b6 8. a3
Bd6 9. b4 c5 10. cxd5 exd5 11. dxc5 bxc5 12. Nc4 Be7 13. Na5 Qc7 14. Nh4 Ne5
15. Bf4 Be6 16. Rc1 Rac8 17. Nb3 Nfd7 18. Bxd5 Bxh4 19. Bxe6 fxe6 20. Nxc5 Bf6
21. Nxe6 Qb7 22. Nxf8 Rxf8 23. Qb3+ Kh8 24. Rfd1 Qe4 25. Qc2 Qxc2 26. Rxc2 Nb6
27. Rc7 Re8 28. Bxe5 Bxe5 29. Rxa7 1-0

[Event "40 Nezhmetdinov Memorial"]
[Site "Kazan"]
[Date "2018.09.16"]
[Round "4.17"]
[White "Shoboev, Dandar"]
[Black "Kalegin, Evgenij"]
[Result "1-0"]
[WhiteElo "2237"]
[BlackElo "2433"]
[PlyCount "85"]
[EventDate "2018.09.13"]

1. d4 Nf6 2. c4 g6 3. Nc3 Bg7 4. e4 d6 5. Be2 O-O 6. Bg5 a6 7. f4 c5 8. d5 b5
9. e5 b4 10. exf6 exf6 11. Bh4 bxc3 12. bxc3 Re8 13. Nf3 Qe7 14. Qd2 Bg4 15.
Kf2 Nd7 16. Rhe1 Qf8 17. Rab1 f5 18. h3 Bh5 19. Bd3 Bxf3 20. Kxf3 Nf6 21. g4
fxg4+ 22. hxg4 h5 23. gxh5 Nxh5 24. f5 Be5 25. Bg5 Qg7 26. Rbc1 Qh7 27. Rh1 Ra7
28. Rcg1 Kh8 29. Qc2 Rg8 30. Be3 Rg7 31. Qb1 Re7 32. fxg6 fxg6 33. Bxg6 Rgf7+
34. Bxf7 Rxf7+ 35. Ke2 Qxb1 36. Rxb1 Rf5 37. Rbg1 Kh7 38. Kd3 Bg7 39. Bf4 Be5
40. Bxe5 Rxe5 41. Rg4 Kh6 42. Rh3 Rf5 43. Kc2 1-0

[Event "40 Nezhmetdinov Memorial"]
[Site "Kazan"]
[Date "2018.09.16"]
[Round "4.18"]
[White "Anchutin, Nikita"]
[Black "Baghdasaryan, Vahe"]
[Result "0-1"]
[WhiteElo "2221"]
[BlackElo "2404"]
[PlyCount "61"]
[EventDate "2018.09.13"]

1. d4 d5 2. Nf3 Nf6 3. c4 c6 4. Qc2 e6 5. g3 Nbd7 6. Bg2 Be7 7. O-O O-O 8. b3
Ne4 9. Nbd2 f5 10. Ne1 Nxd2 11. Bxd2 b6 12. cxd5 cxd5 13. Qc6 Ba6 14. Qxe6+ Kh8
15. Bxd5 Rc8 16. Bf3 Bf6 17. Be3 Nc5 18. dxc5 Bxa1 19. c6 Bc3 20. Nd3 Bxd3 21.
exd3 Qxd3 22. Rd1 Qc2 23. Rd7 Bf6 24. Rxa7 f4 25. Bxf4 Bd4 26. Be3 Rce8 27. Re7
Bxe3 28. Qxe3 Rxe7 29. Qxe7 Qf5 30. Bg2 Qxf2+ 31. Kh1 0-1

[Event "40 Nezhmetdinov Memorial"]
[Site "Kazan"]
[Date "2018.09.16"]
[Round "4.19"]
[White "Tunik, Gennady"]
[Black "Sairanov, Talgat"]
[Result "1/2-1/2"]
[WhiteElo "2367"]
[BlackElo "2077"]
[PlyCount "80"]
[EventDate "2018.09.13"]

1. d4 Nf6 2. c4 g6 3. Nc3 Bg7 4. e4 d6 5. Nf3 O-O 6. Be2 e5 7. Be3 exd4 8. Nxd4
c6 9. f3 d5 10. exd5 cxd5 11. O-O Nc6 12. Nxc6 bxc6 13. Bd4 Re8 14. cxd5 Nxd5
15. Bxg7 Kxg7 16. Nxd5 Qxd5 17. Rf2 Be6 18. Qxd5 Bxd5 19. Ba6 Rab8 20. Rd2 Rb6
21. Be2 a5 22. Kf2 a4 23. a3 Reb8 24. Rb1 Ba2 25. Ra1 Bd5 26. Rb1 Ba2 27. Ra1
Be6 28. Rd4 Rxb2 29. Rxa4 Bb3 30. Re4 Rd8 31. Kg3 Rdd2 32. Bf1 c5 33. a4 c4 34.
a5 c3 35. a6 c2 36. a7 Bd5 37. Ree1 Rd4 38. Be2 Rdb4 39. Bd3 Rd4 40. Bxc2 Rxc2
1/2-1/2

[Event "40 Nezhmetdinov Memorial"]
[Site "Kazan"]
[Date "2018.09.16"]
[Round "4.20"]
[White "Markelova, Lubov"]
[Black "Sadykov, Ramil"]
[Result "1-0"]
[WhiteElo "2169"]
[BlackElo "2364"]
[PlyCount "87"]
[EventDate "2018.09.13"]

1. Nf3 f5 2. d4 Nf6 3. g3 g6 4. Bg2 Bg7 5. O-O d6 6. b3 Ne4 7. Bb2 c5 8. Nbd2
Nc6 9. e3 O-O 10. c4 Qa5 11. Nxe4 fxe4 12. Ne1 Bf5 13. a3 b5 14. b4 cxb4 15.
Qb3 Be6 16. axb4 Qb6 17. Bxe4 bxc4 18. Qa4 d5 19. Bg2 Nxb4 20. Ba3 Nc6 21. Nf3
Rfd8 22. Rfb1 Qc7 23. Ng5 Bf7 24. Nxf7 Kxf7 25. Rb5 e6 26. Rc5 Rdc8 27. Rb1 Bf8
28. Rcb5 Rcb8 29. Bxf8 Kxf8 30. Qa6 Rxb5 31. Rxb5 Qc8 32. Qa3+ Kf7 33. Bf3 Qd7
34. Qa6 Rb8 35. Rc5 Ne7 36. Qa5 Rb6 37. h4 h5 38. Kh2 Nf5 39. e4 dxe4 40. Bxe4
Qxd4 41. Qxa7+ Kf6 42. Qxb6 Qxf2+ 43. Bg2 Ne3 44. Qd8+ 1-0

[Event "40 Nezhmetdinov Memorial"]
[Site "Kazan"]
[Date "2018.09.16"]
[Round "4.21"]
[White "Volkov, Roman"]
[Black "Ponfilenok, Vladimir"]
[Result "0-1"]
[WhiteElo "2065"]
[BlackElo "2353"]
[PlyCount "70"]
[EventDate "2018.09.13"]

1. e4 e6 2. d4 d5 3. e5 c5 4. c3 Nc6 5. Nf3 Bd7 6. Be2 f6 7. O-O fxe5 8. Nxe5
Nxe5 9. dxe5 Qc7 10. Re1 Ne7 11. Nd2 O-O-O 12. Nf3 h6 13. c4 d4 14. b4 Nc6 15.
bxc5 Bxc5 16. Bd3 Rhf8 17. Rb1 Ne7 18. Nd2 Nc6 19. Ne4 Nxe5 20. Nxc5 Qxc5 21.
Qb3 Bc6 22. Be4 Qxc4 23. Qd1 Bxe4 24. Rxe4 Nc6 25. Ba3 Rf7 26. Qe1 Qxa2 27. Ra1
Qd5 28. Rxe6 d3 29. Re8 d2 30. Rxd8+ Kxd8 31. Qf1 Rd7 32. Rd1 Qa5 33. Bb2 Qb4
34. Ba1 Kc7 35. Rb1 Qxb1 0-1

[Event "40 Nezhmetdinov Memorial"]
[Site "Kazan"]
[Date "2018.09.16"]
[Round "4.22"]
[White "Garifullina, Leya"]
[Black "Murtazin, Ruslan"]
[Result "0-1"]
[WhiteElo "2053"]
[BlackElo "2295"]
[PlyCount "130"]
[EventDate "2018.09.13"]

1. e4 c5 2. Nf3 Nc6 3. Bb5 e6 4. Bxc6 bxc6 5. b3 Ne7 6. Bb2 Ng6 7. h4 h5 8. e5
Be7 9. Nc3 Rb8 10. d3 a5 11. g3 f6 12. Ne4 a4 13. Nd6+ Kf8 14. Qe2 Qa5+ 15. Qd2
Qc7 16. Nc4 Ba6 17. Qe3 Bxc4 18. dxc4 a3 19. Bc3 fxe5 20. Nxe5 Nxe5 21. Bxe5 d6
22. Bc3 Rh6 23. O-O Kg8 24. Qe2 Rf8 25. Bd2 Rhf6 26. Qxh5 d5 27. Qg4 Bd6 28.
Rae1 Qf7 29. Qe2 e5 30. Bg5 Rf3 31. Rd1 e4 32. cxd5 cxd5 33. c4 d4 34. Qxe4
Rxf2 35. Qd5 Qxd5 36. cxd5 Rxa2 37. Bf4 Bxf4 38. gxf4 Rb2 39. Rc1 Rc8 40. d6
Rxb3 41. Rfe1 Rb7 42. Ra1 Ra8 43. Kf2 Rd7 44. Re6 Kf7 45. f5 Ra6 46. Re5 c4 47.
Rc5 c3 48. Ke2 Rdxd6 49. Kd3 a2 50. Rc7+ Kf6 51. Rb7 Rdc6 52. Ke4 Rcb6 53. Rxa2
Rxb7 54. Rxa6+ Kf7 55. Rc6 Rd7 56. Kd3 Ke7 57. Re6+ Kf7 58. Rc6 Rd5 59. h5 Rxf5
60. Kxd4 Rf3 61. Rxc3 Rxc3 62. Kxc3 Kg8 63. h6 g6 64. Kd3 Kh7 65. Ke3 Kxh6 0-1

[Event "40 Nezhmetdinov Memorial"]
[Site "Kazan"]
[Date "2018.09.16"]
[Round "4.23"]
[White "Mokshanov, Alexey"]
[Black "Ismailov, Amir"]
[Result "1-0"]
[WhiteElo "2439"]
[BlackElo "1716"]
[PlyCount "43"]
[EventDate "2018.09.13"]

1. e4 c5 2. Nf3 d6 3. Bb5+ Nd7 4. O-O g6 5. c3 e5 6. d4 exd4 7. cxd4 a6 8. Bc4
Nb6 9. dxc5 Nxc4 10. Qa4+ Bd7 11. Qxc4 Bb5 12. Qc3 Qf6 13. e5 dxe5 14. Re1
O-O-O 15. Bg5 Qc6 16. Bxd8 Kxd8 17. Nxe5 Qd5 18. Na3 Kc8 19. Nxb5 axb5 20. Rad1
Qe6 21. Qa5 Bg7 22. Qd8# 1-0

[Event "40 Nezhmetdinov Memorial"]
[Site "Kazan"]
[Date "2018.09.16"]
[Round "4.24"]
[White "Timofeev, Artyom"]
[Black "Maneluk, Daniil"]
[Result "1-0"]
[WhiteElo "2588"]
[BlackElo "2170"]
[PlyCount "67"]
[EventDate "2018.09.13"]

1. d4 Nf6 2. c4 c5 3. e3 cxd4 4. exd4 d5 5. Nc3 Nc6 6. Bf4 Bf5 7. Nf3 e6 8. c5
Bg4 9. Bb5 Bxf3 10. Qxf3 Nd7 11. Rd1 Be7 12. O-O a6 13. Bxc6 bxc6 14. b4 g5 15.
Bc1 Qb8 16. a3 h5 17. Rfe1 Nf8 18. Qd3 f5 19. Bd2 Kf7 20. a4 Bf6 21. b5 Qc8 22.
Rb1 Nd7 23. b6 Qb7 24. Na2 f4 25. Nc1 e5 26. dxe5 Nxe5 27. Qf5 Rae8 28. Nb3 Kg7
29. Na5 Qb8 30. Bc3 Nf3+ 31. gxf3 Bxc3 32. Qd7+ Kf8 33. Nxc6 Qc8 34. Rxe8+ 1-0

[Event "40 Nezhmetdinov Memorial"]
[Site "Kazan"]
[Date "2018.09.16"]
[Round "4.25"]
[White "Yankelevich, Lev"]
[Black "Kozlov, Denis"]
[Result "1-0"]
[WhiteElo "2431"]
[BlackElo "2164"]
[PlyCount "105"]
[EventDate "2018.09.13"]

1. d4 Nf6 2. c4 b6 3. g3 Bb7 4. Nf3 e6 5. Bg2 Be7 6. O-O O-O 7. Re1 Na6 8. a3
c5 9. d5 exd5 10. Nh4 Ne4 11. cxd5 Bxh4 12. Bxe4 Bf6 13. Qc2 h6 14. d6 Bxe4 15.
Qxe4 Re8 16. Qd5 Qc8 17. Qc4 Rb8 18. Nc3 Bxc3 19. bxc3 b5 20. Qg4 Re6 21. Bf4
Qc6 22. e4 c4 23. Qf5 Nc5 24. Qd5 Qxd5 25. exd5 Re4 26. Be3 Nd3 27. Reb1 a5 28.
Ra2 Re5 29. a4 b4 30. cxb4 axb4 31. Rc2 Re4 32. a5 Ra8 33. Ra2 c3 34. Kf1 Rc4
35. Ke2 Ne5 36. a6 Ng4 37. Kd3 Rac8 38. Kc2 Nxe3+ 39. fxe3 Ra8 40. a7 f6 41.
Kb3 Re4 42. Rba1 Kf7 43. Ra5 Rxe3 44. Kxb4 c2 45. Rc5 Rd3 46. Rxc2 Rxd5 47. Rc7
Rxd6 48. Rb7 Re6 49. Rb8 Re8 50. Rxe8 Kxe8 51. Kc5 Kd8 52. Kb6 d5 53. Rd1 1-0

[Event "40 Nezhmetdinov Memorial"]
[Site "Kazan"]
[Date "2018.09.16"]
[Round "4.26"]
[White "Zhafyarov, Adel"]
[Black "Tsoi, Dmitry"]
[Result "0-1"]
[WhiteElo "2202"]
[BlackElo "2422"]
[PlyCount "118"]
[EventDate "2018.09.13"]

1. d4 Nf6 2. Bf4 e6 3. e3 c5 4. c3 cxd4 5. exd4 b6 6. h3 Be7 7. Nf3 O-O 8. Nbd2
d6 9. a4 Ba6 10. Bxa6 Nxa6 11. O-O Nc7 12. Qe2 a6 13. Ne4 Nxe4 14. Qxe4 b5 15.
axb5 axb5 16. Qc6 Nd5 17. Bg3 Rb8 18. Ra6 Rc8 19. Qb7 b4 20. Rfa1 Rc7 21. Qb5
bxc3 22. bxc3 Nxc3 23. Qd3 Qd7 24. R1a3 Nd5 25. Ra8 f5 26. Bh4 Qc6 27. Bxe7
Rxa8 28. Rxa8+ Qxa8 29. Bxd6 Rc1+ 30. Kh2 h6 31. Qe2 Qc8 32. Ne5 Kh7 33. Qh5
Nf4 34. Qf7 Rb1 35. Nd7 Rb7 36. Nf8+ Kh8 37. Ng6+ Nxg6 38. Qxg6 Qd7 39. Be5 Kg8
40. Qg3 Kh7 41. Qc3 Qd5 42. Qa3 Rf7 43. f4 Rb7 44. Qg3 Qd7 45. Qa3 Ra7 46. Qb3
Qd5 47. Qg3 Qd7 48. Qe3 Ra2 49. Qg3 Rd2 50. h4 Qf7 51. Qe3 Ra2 52. Qb3 Ra7 53.
Qb6 Ra8 54. Qc6 Re8 55. Qb5 Qh5 56. Kg1 Rc8 57. Qb1 Qe2 58. Kh2 Rc2 59. Qb7 Qg4
0-1

[Event "40 Nezhmetdinov Memorial"]
[Site "Kazan"]
[Date "2018.09.16"]
[Round "4.27"]
[White "Faizrakhmanov, Ramil"]
[Black "Bulatova, Kamaliya"]
[Result "1-0"]
[WhiteElo "2414"]
[BlackElo "2137"]
[PlyCount "101"]
[EventDate "2018.09.13"]

1. d4 Nf6 2. c4 e6 3. Nf3 d5 4. Nc3 Bb4 5. cxd5 exd5 6. Bf4 O-O 7. Rc1 c6 8. e3
Bf5 9. Qb3 Bxc3+ 10. bxc3 Qb6 11. Qa3 Nbd7 12. c4 a5 13. Bd3 Bxd3 14. Qxd3 Qa6
15. O-O c5 16. dxc5 Nxc5 17. Qa3 Ne6 18. Bd6 Rfc8 19. c5 Ne4 20. Ne5 f6 21. Nd3
Nxd6 22. cxd6 Rd8 23. Rb1 Rab8 24. Rfc1 Rxd6 25. Nc5 Nxc5 26. Rxc5 a4 27. Qb4
b5 28. g3 h6 29. Rd1 Kh8 30. a3 Rdd8 31. h4 Qb7 32. Rd4 Qd7 33. e4 Qh3 34. exd5
Re8 35. Rd1 Re3 36. Qf4 Re5 37. Qd2 Rbe8 38. Rc2 Qg4 39. Rcc1 Re2 40. Qc3 Qf5
41. Qc5 Rd8 42. d6 Qd7 43. Rd5 Rde8 44. Kg2 Kh7 45. Qd4 R2e4 46. Qd3 Kh8 47.
Rc7 Qd8 48. Qxb5 R4e5 49. d7 Rg8 50. Rc8 Rxd5 51. Rxd8 1-0

[Event "40 Nezhmetdinov Memorial"]
[Site "Kazan"]
[Date "2018.09.16"]
[Round "4.28"]
[White "Gavrilin, Roman"]
[Black "Makhmutov, Rail"]
[Result "0-1"]
[WhiteElo "2054"]
[BlackElo "2407"]
[PlyCount "70"]
[EventDate "2018.09.13"]

1. e4 c6 2. d4 d5 3. Nc3 dxe4 4. Nxe4 Bf5 5. Ng3 Bg6 6. Nh3 e6 7. Nf4 Bd6 8. c3
Nf6 9. h4 Qc7 10. Qf3 Nbd7 11. h5 Bc2 12. h6 g6 13. Bd3 Bxd3 14. Nxd3 Qa5 15.
O-O Qd5 16. Qe2 g5 17. Re1 Bxg3 18. fxg3 Rg8 19. Ne5 Nxe5 20. Qxe5 Nd7 21. Qe2
Rg6 22. Qd3 O-O-O 23. Be3 f5 24. Qc2 Qd6 25. Rad1 Qxg3 26. Bf2 Qg4 27. c4 f4
28. Qe4 Rxh6 29. d5 exd5 30. cxd5 Nf6 31. Qe5 Qh5 32. Kf1 Qh1+ 33. Bg1 f3 34.
Qf5+ Nd7 35. gxf3 Rf6 0-1

[Event "40 Nezhmetdinov Memorial"]
[Site "Kazan"]
[Date "2018.09.16"]
[Round "4.29"]
[White "Palachev, Petr"]
[Black "Kuzmin, Roman"]
[Result "1-0"]
[WhiteElo "2405"]
[BlackElo "2053"]
[PlyCount "108"]
[EventDate "2018.09.13"]

1. c4 e5 2. Nc3 Nf6 3. Nf3 Nc6 4. g3 d5 5. cxd5 Nxd5 6. Bg2 Nb6 7. O-O Be7 8.
d3 O-O 9. Be3 Re8 10. Rc1 Bf8 11. Ne4 Nd4 12. a3 a5 13. Re1 c6 14. Bxd4 exd4
15. Nc5 Bxc5 16. Rxc5 Qd6 17. Qc1 Be6 18. Ng5 Nd7 19. Ne4 Qe7 20. Rh5 Bd5 21.
Rh4 Ne5 22. Qc2 Ng6 23. Rh5 a4 24. e3 dxe3 25. Rxe3 Bb3 26. Qc3 Qc7 27. Rg5 h6
28. Rh5 Rad8 29. Rc5 Ne7 30. Qe1 b6 31. Rh5 f5 32. Nc3 Bf7 33. Rh4 b5 34. Qc1
Qb6 35. Rb4 Qc7 36. Qe1 Qd6 37. d4 Qf6 38. h4 f4 39. Re5 Nf5 40. Ne4 Qg6 41.
Qc3 Rxe5 42. dxe5 Bd5 43. Kh2 Bc4 44. Rxc4 bxc4 45. Qxc4+ Kh7 46. Qc3 Rb8 47.
Nc5 fxg3+ 48. fxg3 Qg4 49. e6 Qe2 50. Qd3 Qf2 51. Ne4 Qxb2 52. Nd6 g6 53. Nxf5
gxf5 54. Qxf5+ Kh8 1-0

[Event "40 Nezhmetdinov Memorial"]
[Site "Kazan"]
[Date "2018.09.16"]
[Round "4.30"]
[White "Salemgareev, Tagir"]
[Black "Ismagilov, Igor"]
[Result "1-0"]
[WhiteElo "2394"]
[BlackElo "1952"]
[PlyCount "79"]
[EventDate "2018.09.13"]

1. d4 c5 2. d5 g6 3. Nc3 Bg7 4. e4 d6 5. Bb5+ Bd7 6. a4 Na6 7. Nf3 Nc7 8. Bd3
Nf6 9. h3 O-O 10. O-O e6 11. Bf4 e5 12. Be3 a6 13. a5 Nb5 14. Na4 Be8 15. Nd2
Nd7 16. Nc4 f5 17. f4 fxe4 18. Bxe4 Qe7 19. Qd3 Bf7 20. Rae1 Rae8 21. Nab6 Nxb6
22. axb6 exf4 23. Bxf4 Qd7 24. c3 Kh8 25. Bg5 Bg8 26. Rxf8 Rxf8 27. Rf1 Rxf1+
28. Qxf1 h6 29. Bh4 Qe8 30. Qf3 Bh7 31. Bg3 Qe7 32. Qg4 g5 33. Bxh7 Kxh7 34.
Qe6 Qxe6 35. dxe6 Kg6 36. Na5 Kf6 37. Nxb7 Ke7 38. Na5 Kd8 39. b7 Kc7 40. e7
1-0

[Event "40 Nezhmetdinov Memorial"]
[Site "Kazan"]
[Date "2018.09.16"]
[Round "4.31"]
[White "Mamedjarova, Turkan"]
[Black "Kurinov, Mikhail"]
[Result "1-0"]
[WhiteElo "2312"]
[BlackElo "1766"]
[PlyCount "73"]
[EventDate "2018.09.13"]

1. d4 Nf6 2. Nf3 g6 3. c4 Bg7 4. g3 O-O 5. Bg2 d5 6. O-O dxc4 7. Na3 c3 8. bxc3
c5 9. Qb3 cxd4 10. Nxd4 Nbd7 11. Rd1 a6 12. Nc4 Qc7 13. Ba3 Re8 14. Rab1 Rb8
15. Ne3 Nc5 16. Qc4 Nfd7 17. Nd5 Qa5 18. Bb4 Qa4 19. Nb3 Ne6 20. Qe4 Nf6 21.
Qe5 Nd7 22. Qe3 Bf8 23. Bh3 Nf6 24. Nb6 Qxa2 25. Nxc8 Rbxc8 26. Bxe6 fxe6 27.
Qxe6+ Kg7 28. Ra1 Qb2 29. Rd2 Rc6 30. Qxf6+ exf6 31. Rxb2 Bxb4 32. cxb4 Re4 33.
Nc5 Rc4 34. Rd1 a5 35. Nxb7 Rxb4 36. Nxa5 Rxb2 37. Nxc6 1-0

[Event "40 Nezhmetdinov Memorial"]
[Site "Kazan"]
[Date "2018.09.16"]
[Round "4.32"]
[White "Novikov, Roman"]
[Black "Glukhov, Alexander"]
[Result "0-1"]
[WhiteElo "1992"]
[BlackElo "2236"]
[PlyCount "126"]
[EventDate "2018.09.13"]

1. e4 c5 2. c3 d5 3. exd5 Qxd5 4. d4 Nc6 5. Nf3 Bf5 6. Be3 Nf6 7. c4 Qd8 8. Nc3
cxd4 9. Nxd4 Nxd4 10. Qxd4 Qxd4 11. Bxd4 e6 12. O-O-O a6 13. Bd3 Bxd3 14. Rxd3
Rc8 15. Rhd1 Be7 16. Bb6 O-O 17. b3 Rc6 18. Na4 Nd5 19. Rxd5 exd5 20. Rxd5 Rd6
21. Kd2 Rc8 22. Kd3 Rxd5+ 23. cxd5 Rc1 24. Nb2 Kf8 25. Nc4 Ke8 26. Ke4 Re1+ 27.
Kd4 Rd1+ 28. Ke4 f6 29. Na5 Kd7 30. g4 Kc8 31. h4 Bd6 32. Nc4 Bc7 33. Bd4 b5
34. Ne3 Rd2 35. f3 Rxa2 36. Nf5 g6 37. Ne7+ Kd7 38. Ng8 Bd8 39. Bxf6 Re2+ 40.
Kf4 Re8 41. Bxd8 Rxg8 42. Ba5 Rf8+ 43. Ke4 Re8+ 44. Kd4 Rf8 45. Ke4 b4 46. Bxb4
Rb8 47. Bc5 Rxb3 48. h5 a5 49. f4 gxh5 50. gxh5 a4 51. Kf5 a3 52. Kf6 a2 53.
Bd4 Rd3 54. Bb2 Rd2 55. Bc3 Rxd5 56. h6 Ke8 57. Kg7 Rd7+ 58. Kg8 Rd1 59. f5
Rg1+ 60. Kxh7 Kf7 61. f6 a1=Q 62. Bxa1 Rxa1 63. Kh8 Kxf6 0-1

[Event "40 Nezhmetdinov Memorial"]
[Site "Kazan"]
[Date "2018.09.16"]
[Round "4.33"]
[White "Gubajdullin, Alexei"]
[Black "Pingin, Artem"]
[Result "1-0"]
[WhiteElo "2358"]
[BlackElo "2019"]
[PlyCount "127"]
[EventDate "2018.09.13"]

1. d4 d5 2. Bf4 Nf6 3. e3 c5 4. c3 Nc6 5. Nd2 Bg4 6. Qb3 Qc8 7. Ngf3 c4 8. Qc2
Bf5 9. Qd1 h6 10. Be2 e6 11. Ne5 Nxe5 12. Bxe5 Be7 13. g4 Bg6 14. h4 Qc6 15.
Rg1 Bd6 16. Nf3 Rg8 17. Bxd6 Qxd6 18. Ne5 Be4 19. Qa4+ Nd7 20. b3 cxb3 21. axb3
Ke7 22. Nxd7 Qxd7 23. Qb4+ Kd8 24. f3 Bh7 25. Kd2 Qe7 26. Qa5+ Qc7 27. Qa3 Qd7
28. Qa5+ Qc7 29. c4 Qxa5+ 30. Rxa5 dxc4 31. bxc4 Kc7 32. Rga1 a6 33. e4 Rad8
34. Ke3 Rge8 35. f4 f6 36. Rb1 Rd7 37. Rb4 Ree7 38. Bf3 Kc8 39. Rb6 Rc7 40. c5
Bg6 41. e5 fxe5 42. fxe5 Be8 43. g5 hxg5 44. hxg5 Bb5 45. Ra1 Re8 46. Rc1 Bc6
47. Bxc6 Rxc6 48. Rxc6+ bxc6 49. Rf1 Re7 50. Kd3 a5 51. Rf8+ Kb7 52. g6 a4 53.
Rf7 Rc7 54. Kc4 Kc8 55. Kb4 Rd7 56. Kxa4 Rxd4+ 57. Ka5 Rd5 58. Kb6 Rxe5 59.
Rxg7 Rg5 60. Kxc6 Kb8 61. Kb6 Kc8 62. c6 Kd8 63. c7+ Kc8 64. Rg8+ 1-0

[Event "40 Nezhmetdinov Memorial"]
[Site "Kazan"]
[Date "2018.09.16"]
[Round "4.34"]
[White "Mukhutdinov, Tigran"]
[Black "Gabitov, Bulat"]
[Result "1-0"]
[WhiteElo "2273"]
[BlackElo "1998"]
[PlyCount "51"]
[EventDate "2018.09.13"]

1. e4 e6 2. d4 d5 3. Nc3 Nf6 4. e5 Nfd7 5. f4 c5 6. Nf3 Nc6 7. Be3 Be7 8. Qd2
O-O 9. g3 a6 10. Bg2 Qc7 11. Ne2 b5 12. O-O cxd4 13. Nfxd4 g6 14. Rae1 Bb7 15.
Nxc6 Bxc6 16. Nd4 Bb7 17. g4 Nc5 18. f5 exf5 19. gxf5 Bh4 20. Bf2 Bxf2+ 21.
Rxf2 f6 22. fxg6 fxe5 23. Nf5 hxg6 24. Qg5 Qh7 25. Ne7+ Kg7 26. Qxe5+ 1-0

[Event "40 Nezhmetdinov Memorial"]
[Site "Kazan"]
[Date "2018.09.16"]
[Round "4.35"]
[White "Pogorelskikh, Sofia"]
[Black "Filipenko, Alexander V"]
[Result "1/2-1/2"]
[WhiteElo "2037"]
[BlackElo "2245"]
[PlyCount "69"]
[EventDate "2018.09.13"]

1. e4 c5 2. Nf3 Nc6 3. d4 cxd4 4. Nxd4 Nf6 5. Nc3 d6 6. Bg5 e6 7. Qd2 a6 8.
O-O-O Bd7 9. f4 b5 10. Nxc6 Bxc6 11. e5 dxe5 12. Qxd8+ Rxd8 13. Rxd8+ Kxd8 14.
fxe5 h6 15. Be3 Nd7 16. Bd4 g6 17. a4 b4 18. Nb1 Bc5 19. Bxc5 Nxc5 20. b3 Ke7
21. Nd2 Rd8 22. Rg1 Rd5 23. Nc4 Nd7 24. Bd3 Rc5 25. g3 g5 26. Re1 Bd5 27. Nd2
h5 28. Kd1 Bc6 29. Nc4 Bf3+ 30. Kd2 Bd5 31. Nb2 Bc6 32. Nc4 Bd5 33. Nb2 Bc6 34.
Nc4 Bd5 35. Nb2 1/2-1/2

[Event "40 Nezhmetdinov Memorial"]
[Site "Kazan"]
[Date "2018.09.16"]
[Round "4.36"]
[White "Murzin, Lenar"]
[Black "Shafigullina, Zarina"]
[Result "0-1"]
[WhiteElo "2007"]
[BlackElo "2242"]
[PlyCount "104"]
[EventDate "2018.09.13"]

1. d4 Nf6 2. c4 e6 3. Nf3 b6 4. g3 Ba6 5. b3 Bb4+ 6. Bd2 Be7 7. Bg2 c6 8. O-O
d5 9. Qc2 Nbd7 10. Rd1 O-O 11. Bf4 Rc8 12. Nc3 c5 13. e4 dxe4 14. Nxe4 cxd4 15.
Rxd4 Nxe4 16. Qxe4 Qe8 17. Ng5 Nf6 18. Qe2 Bc5 19. Rd2 Bb4 20. Rc2 Qe7 21. a3
Bd6 22. Bxd6 Qxd6 23. Rd1 Qe7 24. b4 Rfd8 25. Rxd8+ Rxd8 26. Qf3 h6 27. Nh3 Qd6
28. Bf1 Qd1 29. Qxd1 Rxd1 30. Kg2 Bb7+ 31. f3 Bxf3+ 32. Kxf3 Rxf1+ 33. Nf2 Ra1
34. Rc3 Kf8 35. Nd3 Ke7 36. Ne5 a6 37. Rd3 Rc1 38. h3 Ne8 39. Rd7+ Kf6 40. Ng4+
Kg6 41. Rb7 Nd6 42. Rxb6 Nxc4 43. Rxa6 h5 44. Nf2 Rc3+ 45. Ke4 Nxa3 46. Nd3 Nc2
47. Ne5+ Kf6 48. Nd7+ Kg5 49. Ra5+ Kh6 50. h4 f6 51. Kf4 Re3 52. Rc5 e5+ 0-1

[Event "40 Nezhmetdinov Memorial"]
[Site "Kazan"]
[Date "2018.09.16"]
[Round "4.37"]
[White "Cervantes Landeiro, Thalia"]
[Black "Yakimova, Mariya"]
[Result "0-1"]
[WhiteElo "2172"]
[BlackElo "1882"]
[PlyCount "156"]
[EventDate "2018.09.13"]

1. d4 f5 2. c4 Nf6 3. Nf3 e6 4. g3 d5 5. Bg2 c6 6. b3 Bd6 7. O-O Qe7 8. Bb2 b6
9. Nbd2 Bb7 10. Qc2 O-O 11. e3 a5 12. Ne5 Na6 13. Ndf3 Nb4 14. Qe2 Rfc8 15.
Rfc1 c5 16. Nd3 Nxd3 17. Qxd3 a4 18. Ne5 Ne4 19. f3 Nf6 20. Kh1 Bxe5 21. dxe5
Nd7 22. cxd5 Bxd5 23. e4 fxe4 24. fxe4 Bc6 25. Qd6 Qe8 26. Re1 Nf8 27. Qd2 axb3
28. axb3 Rxa1 29. Rxa1 Rd8 30. Qe3 Bb5 31. Bf1 Bxf1 32. Rxf1 Qb5 33. Qf3 h6 34.
Bc1 Qd3 35. Kg2 Qxf3+ 36. Rxf3 Rd4 37. Bf4 Rxe4 38. Rd3 Ng6 39. Rd6 Nxf4+ 40.
gxf4 Rb4 41. Rxe6 Rxb3 42. Rc6 Kf7 43. f5 Re3 44. e6+ Kf6 45. Rxb6 Re5 46. Rc6
Rxf5 47. Kg3 Rg5+ 48. Kf3 h5 49. Kf4 Rg4+ 50. Kf3 Rc4 51. Rc7 g5 52. e7 Kf7 53.
Ke3 h4 54. h3 Rc3+ 55. Kf2 Ke8 56. Kg2 c4 57. Kh2 Rc2+ 58. Kg1 Rc1+ 59. Kg2
Rc2+ 60. Kg1 Rc3 61. Kh2 Kf7 62. Kg2 Rg3+ 63. Kh2 c3 64. Rd7 Ke8 65. Rc7 Rd3
66. Kg2 Kf7 67. Ra7 Rd2+ 68. Kf3 Rh2 69. Kg4 Rg2+ 70. Kh5 Rg1 71. Rc7 Rg3 72.
Ra7 c2 73. Rc7 Rg2 74. Kh6 g4 75. hxg4 h3 76. Rc3 h2 77. Rf3+ Ke8 78. Rf1 Rg1
0-1

[Event "40 Nezhmetdinov Memorial"]
[Site "Kazan"]
[Date "2018.09.16"]
[Round "4.38"]
[White "Yangutov, Aleksey"]
[Black "Nikolaeva, Ksenya"]
[Result "1-0"]
[WhiteElo "2159"]
[BlackElo "1874"]
[PlyCount "115"]
[EventDate "2018.09.13"]

1. d4 d5 2. c4 c6 3. Nf3 Nf6 4. Nc3 dxc4 5. a4 Bf5 6. Ne5 Nbd7 7. Nxc4 Qc7 8.
g3 e5 9. dxe5 Nxe5 10. Bf4 Nfd7 11. Qd4 f6 12. Bxe5 Nxe5 13. Qe3 Be7 14. Nxe5
Qxe5 15. Qxe5 fxe5 16. O-O-O O-O 17. Bg2 Rad8 18. Be4 Bg5+ 19. Kc2 Bg4 20. f3
Be6 21. Rxd8 Rxd8 22. Rd1 Rd4 23. Rxd4 exd4 24. Nd1 h5 25. b3 h4 26. f4 Bf6 27.
Nf2 Kf7 28. f5 Bc8 29. g4 Be5 30. h3 Kf6 31. Nd3 Bd6 32. b4 Bd7 33. Kb3 b6 34.
Kc4 c5 35. bxc5 bxc5 36. Nxc5 Bxc5 37. Kxc5 Bxa4 38. Kxd4 Bd1 39. Bd3 a5 40.
Bc4 a4 41. Kd3 a3 42. Ba2 Ba4 43. Kd4 Bb5 44. e4 Bf1 45. e5+ Ke7 46. Ke3 Bxh3
47. Kf4 Bg2 48. g5 h3 49. Kg3 Kf8 50. f6 Bf1 51. e6 gxf6 52. gxf6 Bg2 53. e7+
Ke8 54. Bb3 Bc6 55. Kxh3 Kd7 56. Kg4 Kd6 57. Kf4 Be8 58. Ba2 1-0

[Event "40 Nezhmetdinov Memorial"]
[Site "Kazan"]
[Date "2018.09.16"]
[Round "4.39"]
[White "Smorodkin, Kirill"]
[Black "Doroshenko, Diana"]
[Result "0-1"]
[WhiteElo "1875"]
[BlackElo "2122"]
[PlyCount "78"]
[EventDate "2018.09.13"]

1. e4 c6 2. d4 d5 3. Nc3 dxe4 4. Nxe4 Bf5 5. Ng3 Bg6 6. Bc4 e6 7. N1e2 Nf6 8.
Nf4 Qc7 9. c3 Bd6 10. Qf3 Nbd7 11. Be3 Nd5 12. Nxg6 hxg6 13. O-O-O N7f6 14. Bb3
b5 15. Ne4 Nxe4 16. Qxe4 a5 17. a4 Nf6 18. Qf3 Rb8 19. h4 Qb7 20. Rd2 Nd5 21.
g4 bxa4 22. Bxa4 Ba3 23. Bf4 Bxb2+ 24. Kd1 Nxc3+ 25. Ke1 Rc8 26. Bxc6+ Qxc6 27.
Qxc6+ Rxc6 28. Rxb2 O-O 29. Kd2 a4 30. Rc1 Rfc8 31. Kd3 a3 32. Rb8 Rxb8 33.
Bxb8 a2 34. Ra1 Nd5 35. Kd2 Rb6 36. Ba7 Rb2+ 37. Kc1 Rxf2 38. Bc5 Nf4 39. Ba3
Nd3+ 0-1

[Event "40 Nezhmetdinov Memorial"]
[Site "Kazan"]
[Date "2018.09.16"]
[Round "4.40"]
[White "Filippova, Margarita"]
[Black "Kopylov, Artem"]
[Result "1-0"]
[WhiteElo "2103"]
[BlackElo "1779"]
[PlyCount "103"]
[EventDate "2018.09.13"]

1. d4 Nf6 2. Nf3 g6 3. c4 Bg7 4. Nc3 O-O 5. e4 d6 6. Be2 e5 7. O-O Nc6 8. d5
Ne7 9. b4 Nh5 10. Re1 f5 11. Nd2 Nf6 12. c5 Kh8 13. f3 f4 14. Nc4 Rg8 15. Ba3
Bf8 16. b5 Ne8 17. b6 axb6 18. cxd6 Nxd6 19. Nxd6 cxd6 20. Nb5 Bd7 21. Bxd6 Bg7
22. Bc7 Qf8 23. d6 Nc8 24. Bc4 Bf6 25. Qd5 Rg7 26. Qxb7 Bxb5 27. Qxa8 Bxc4 28.
Bxb6 Be6 29. Bc7 g5 30. Kh1 Qe8 31. Rac1 Qh5 32. d7 Bxd7 33. Red1 Be6 34. Bd8
Qg6 35. Qc6 Be7 36. Bxe7 Nxe7 37. Rd8+ Rg8 38. Rxg8+ Kxg8 39. Qd6 Kf7 40. Rc7
Qf6 41. a4 g4 42. Qd1 g3 43. h3 Qh4 44. Qf1 Qh6 45. a5 Bc8 46. Qc4+ Be6 47. Qc5
Qf6 48. a6 Bxh3 49. Qxe7+ Qxe7 50. Rxe7+ Kxe7 51. gxh3 Kd6 52. a7 1-0